MARC details
| 000 -LEADER |
| campo de control de longitud fija |
02100nka a2200337 i 4500 |
| 001 - NÚMERO DE CONTROL |
| campo de control |
102992 |
| 003 - IDENTIFICADOR DE NÚMERO DE CONTROL |
| campo de control |
ES-MaACL |
| 005 - FECHA Y HORA DE LA ÚLTIMA TRANSACCIÓN |
| campo de control |
20250822063152.0 |
| 007 - CAMPO FIJO DE DESCRIPCIÓN FÍSICA--INFORMACIÓN GENERAL |
| campo de control de longitud fija |
t| |
| 008 - DATOS DE LONGITUD FIJA--INFORMACIÓN GENERAL |
| campo de control de longitud fija |
051223e1792 sp f | |r||1c|spa |
| 100 1# - ENTRADA PRINCIPAL--NOMBRE DE PERSONA |
| Nombre de persona |
Salvador Carmona, Manuel, |
| Fechas asociadas al nombre |
1734-1820 |
| Término indicativo de función/relación |
Grabador |
| 9 (RLIN) |
102084 |
| 245 11 - MENCIÓN DEL TÍTULO |
| Título |
[Retrato de Isabel Parreño] |
| Medio |
[Material gráfico] / |
| Mención de responsabilidad, etc. |
retratada... por el celebre Mengs y grabada por Dn. Manuel Salvador Carmona |
| 260 ## - PUBLICACIÓN, DISTRIBUCIÓN, ETC. |
| Lugar de publicación, distribución, etc. |
[S.l. : |
| Nombre del editor, distribuidor, etc. |
s.n.], |
| Fecha de publicación, distribución, etc. |
1792 |
| 300 ## - DESCRIPCIÓN FÍSICA |
| Extensión |
1 estampa : |
| Otras características físicas |
grabado calcográfico ; |
| Dimensiones |
565 x 390 mm |
| 490 1# - MENCIÓN DE SERIE |
| Mención de serie |
Colección facticia de grabados ; |
| Designación de volumen o secuencia |
36 |
| RLIN |
184692 |
| 500 ## - NOTA GENERAL |
| Nota general |
Inscripción: "La Excma. Sra. Doña Isabel Parreño, Arce, Ruiz de Alarcón, y Valdés, Esposa del Excmo. Señor Marqués de Llano, Gran Cruz de la Orden de Carlos III, Caballero de la de Santiago, Consejero de Estado. Embaxador del Rey cerca del Emperador, retratada en la edad de 18 años, en trage de mascara, por el célebre Mengs y grabada por Dn. Manuel Salvador Carmona, Grabador de Camara de S.M. del Rey de Francia, y Director en la Real Academia de San Fernando. Año de 1792" |
| 500 ## - NOTA GENERAL |
| Nota general |
Estampa basada en el cuadro conocido como "La maja de Mengs", donado por el marqués del Llano, en 1831, a la Academia de San Fernando |
| 520 ## - RESUMEN, ETC. |
| Sumario, etc. |
Isabel Parreño aparece de pie, vestida con traje blanco y delantal, corpiño y adornos negros, lleva en su mano derecha una careta y apoya su mano izquierda en la cintura |
| 530 ## - NOTA DISPONIBLE DE FORMULARIO FÍSICO ADICIONAL |
| Nota de formato físico adicional disponible |
Disponible en formato digital |
| 600 14 - PUNTO DE ACCESO ADICIONAL DE MATERIA--NOMBRE DE PERSONA |
| Nombre de persona |
Parreño y Arce, Isabel, |
| Títulos y otros términos asociados al nombre |
Marquesa de Llano, |
| Fechas asociadas al nombre |
ca. 1757- |
| 9 (RLIN) |
89258 |
| 655 #7 - TERMINO DE INDIZACIÓN--GENERO/FORMA |
| Datos o término principal de género/forma |
Grabados calcográficos |
| Fuente del término |
tgfbne |
| 9 (RLIN) |
241761 |
| 655 #7 - TERMINO DE INDIZACIÓN--GENERO/FORMA |
| Datos o término principal de género/forma |
Grabados |
| Fuente del término |
tgfbne |
| 9 (RLIN) |
226846 |
| 655 #4 - TERMINO DE INDIZACIÓN--GENERO/FORMA |
| Datos o término principal de género/forma |
Reproducciones de obras de arte |
| 9 (RLIN) |
241931 |
| 700 1# - ENTRADA AGREGADA--NOMBRE PERSONAL |
| Nombre de persona |
Mengs, Anton Raphael, |
| Fechas asociadas al nombre |
1728-1779 |
| Término indicativo de función/relación |
Artista |
| 9 (RLIN) |
155197 |
| 830 #0 - PUNTO DE ACCESO ADICIONAL DE SERIE-TÍTULO UNIFORME |
| Título uniforme |
Colección facticia de grabados ; |
| Designación de volumen o secuencia |
36 |
| 9 (RLIN) |
184692 |
| 852 4# - LOCALIZACIÓN |
| Ubicación |
ES-MaACL |
| Ubicación en estantería |
Depósito 2 |
| Número de control de estantería |
GF-2(36) |
| 856 4# - LOCALIZACIÓN Y ACCESO ELECTRÓNICOS |
| Identificador Uniforme de Recursos |
<a href="https://bdh-rd.bne.es/viewer.vm?id=0000036780&page=1">https://bdh-rd.bne.es/viewer.vm?id=0000036780&page=1</a> |
| Texto de enlace |
Versión en línea |
| Nota pública |
(Biblioteca Digital Hispánica) |
| 942 ## - ELEMENTOS DE ENTRADA SECUNDARIOS (KOHA) |
| Fuente del sistema de clasificación o colocación |
Clasificación decimal universal |
| Tipo de ítem Koha |
Grabado |
| Suprimir en OPAC |
No |